000 00454ntaaa2200181 4500
003 01
005 20251027202726.0
008 0714s1973 ag 01
040 _aAR-BaBN
_bspa
_cAR-BaBN
_eaacr
_dRIC
082 _a641.1000 L64
100 _aLindlahr, Victor H
_927140
245 _aCómo adelgazar comiendo
250 _a1 ed.
260 _aBuenos Aires :
_bEdiciones Cosmos,
_cc1945
300 _a270 p
650 _aadelgazamiento
_927141
942 _cBK
999 _c22492
_d22492